000 00809nam a2200241 a 4500
003 DO-SdBNP
005 20221207140344.0
007 ta
008 221101e2020 dr |||er|||| 001 fdspa d
020 _a9789945635003
040 _aDO-SdBNP
_bspa
_cBNPHU
082 4 _aRD863.5
_bV714p
_222
245 _aPor amor todo es posible. /
_cJosé Augusto Villalona; Prólogo de Carlos Guerrero Ortiz
260 _aSanto Domingo :
_bSantuario,
_c2020
300 _a378 p. ;
_c23 cm.
500 _aIncluye datos biográficos del autor en la solapas de las cubiertas
590 _aInventariado 2022 / MF
650 4 _910471
_aNovela dominicana
650 4 _a Literatura dominicana
_982621
700 1 _aGuerrero Ortiz, Carlos
_epról.
_982622
910 _aMfeliz/Validado. Control de calidad MFF
942 _2ddc
_cLBS1
999 _c52691
_d52691